[Event "IECG TG-2004-0-15258"]
[Site "IECG email"]
[Date "2004.09.20"]
[Round "?"]
[White "Stewart, Paul"]
[Black "Manning, Ronnie"]
[Result "0-1"]
[WhiteElo "1000"]
[BlackElo "899"]
[PlyCount "26"]
[EventDate "2004.09.20"]
[EventType "tourn (corr)"]
[EventRounds "6"]
[SourceTitle "Corr 2024"]
[Source "ChessBase"]
[SourceDate "2023.10.19"]
[SourceVersion "1"]
[SourceVersionDate "2023.10.19"]
[SourceQuality "1"]

1. e4 e5 2. Nf3 Nc6 3. Bb5 Nf6 4. d3 Bb4+ 5. c3 Ba5 6. Bxc6 dxc6 7. Nxe5 0-0 8. 0-0 Qe8 9. Nc4 Bb6 10. Bg5 Ng4 11. Nxb6 axb6 12. h3 Ne5 13. f4 Ng6 0-1